| Tag |
First Indicator |
Second Indicator |
Subfields |
| LEADER |
00000cas a22000004a 4500 |
| 001 |
in00002185921 |
| 005 |
20151104064058.0 |
| 006 |
m d |
| 007 |
cr cn--------- |
| 008 |
050630c20069999enkuu pss 0 0eng |
| 010 |
|
|
|a 2006243249
|
| 016 |
7 |
|
|a 101251558
|2 DNLM
|
| 022 |
|
|
|a 1746-1596
|
| 029 |
0 |
|
|a NLM
|b 101251558
|
| 029 |
1 |
|
|a OCLCS
|b OP-34149
|
| 035 |
|
|
|a (OCoLC)ocm67290512
|
| 040 |
|
|
|a NLM
|c NLM
|d CUS
|d TXA
|d UtOrBLW
|
| 042 |
|
|
|a lcd
|
| 049 |
|
|
|a TXAM
|
| 050 |
1 |
4 |
|a RD57
|b .D53 Electronic
|
| 060 |
1 |
0 |
|a W1
|
| 210 |
1 |
0 |
|a Diagn Pathol
|2 dnlm
|
| 245 |
0 |
0 |
|a Diagnostic pathology.
|
| 264 |
|
1 |
|a [London] :
|b BioMed Central,
|c 2006-
|
| 336 |
|
|
|a text
|b txt
|2 rdacontent
|
| 337 |
|
|
|a computer
|b c
|2 rdamedia
|
| 338 |
|
|
|a online resource
|b cr
|2 rdacarrier
|
| 362 |
0 |
|
|a 1:1 (31 Mar. 2006)-
|
| 500 |
|
|
|a Title from PDF caption (publisher's Web site, viewed Apr. 11, 2006).
|
| 500 |
|
|
|a Latest issue consulted: 1:4 (3 Apr. 2006) (viewed Apr. 11, 2006).
|
| 510 |
0 |
|
|a PubMed
|b Coverage to be announced when first issue is received.
|
| 515 |
|
|
|a Articles added consecutively to current annual v.
|
| 538 |
|
|
|a Mode of access: World Wide Web.
|
| 500 |
|
|
|a Electronic resource.
|
| 650 |
|
0 |
|a Pathology, Surgical
|v Periodicals.
|
| 650 |
1 |
2 |
|a Pathology, Surgical
|v Periodicals.
|
| 650 |
2 |
2 |
|a Pathology, Clinical
|v Periodicals.
|
| 850 |
|
|
|a DNLM
|
| 948 |
|
|
|a cataloged
|b h
|c 2006/8/18
|d c
|e pbump
|
| 994 |
|
|
|a C0
|b TXA
|
| 999 |
|
|
|a MARS
|
| 999 |
f |
f |
|s 9bd13800-7e10-3934-879f-ad071830565b
|i 2f5167f2-f98b-3879-8b1b-eb5d15272e3d
|t 0
|
| 952 |
f |
f |
|a Texas A&M University
|b College Station
|c Electronic Resources
|d Available Online
|t 0
|e RD57 .D53
|g Electronic
|h Library of Congress classification
|
| 998 |
f |
f |
|a RD57 .D53
|t 0
|l Available Online
|